[Event "European Rapid 2016"]
[Site "Tallinn EST"]
[Date "2016.12.15"]
[Round "3.29"]
[White "Tomazini, Zan"]
[Black "Anton Guijarro, David"]
[Result "0-1"]
[WhiteTitle "IM"]
[BlackTitle "GM"]
[WhiteElo "2414"]
[BlackElo "2650"]
[WhiteFideId "14608162"]
[BlackFideId "2285525"]
[EventDate "2016.12.15"]

1. e4 e5 2. Nf3 Nc6 3. d4 exd4 4. Nxd4 Nf6 5. Nxc6 bxc6 6. e5 Qe7 7. Qe2 Nd5 8.
c4 Ba6 9. Nd2 g6 10. Nf3 Qb4+ 11. Kd1 Rb8 12. Qc2 Ne7 13. Qb3 c5 14. Bd2 Qb7 15.
Bc3 Bg7 16. Bd3 Qa8 17. Qa3 Bb7 18. Qxc5 O-O 19. Be2 Nf5 20. Qxc7 d6 21. exd6
Bxc3 22. bxc3 Rbc8 23. Qa5 Nxd6 24. Ke1 Nxc4 25. Qg5 Nd6 26. Kf1 Ne4 27. Qh6 f6
28. h4 Rf7 29. c4 Nc3 30. Qe3 Nxe2 31. Qxe2 Re8 32. Qd3 Rd8 33. Qc3 Be4 34. Re1
Rd3 35. Qb4 Bxf3 36. gxf3 Qxf3 37. Rg1 Qh3+ 38. Rg2 Qxh4 39. Qb8+ Kg7 40. Rh2
Rh3 41. Rxh3 Qxh3+ 42. Kg1 Qg4+ 43. Kh1 Qxc4 44. Re8 Qf1+ 45. Kh2 Qxf2+ 46. Kh3
Qf5+ 47. Kh2 Qc2+ 48. Kh3 Qc3+ 49. Kg2 Qc6+ 50. Kh3 Qf3+ 51. Kh2 Rd7 52. Rg8+
Kh6 53. Qf8+ Kh5 54. Qc5+ f5 55. Qc1 Rd4 0-1

[Event "European Rapid 2016"]
[Site "Tallinn EST"]
[Date "2016.12.15"]
[Round "3.30"]
[White "Pavlidis, Antonios"]
[Black "Schwarz, Dusan"]
[Result "1-0"]
[WhiteTitle "GM"]
[WhiteElo "2532"]
[BlackElo "2293"]
[WhiteFideId "4212312"]
[BlackFideId "14903890"]
[EventDate "2016.12.15"]

1. e4 e5 2. Nf3 Nc6 3. Bb5 a6 4. Ba4 Nf6 5. O-O Be7 6. d3 b5 7. Bb3 d6 8. a3 Be6
9. Bxe6 fxe6 10. c3 O-O 11. Nbd2 Qd7 12. Re1 Rae8 13. a4 Kh8 14. axb5 axb5 15.
Qb3 Rb8 16. d4 exd4 17. cxd4 d5 18. e5 Ne4 19. Nxe4 dxe4 20. Rxe4 Nb4 21. Re1
Ra8 22. Bd2 Nd5 23. Qc2 Rxa1 24. Rxa1 Qe8 25. h3 Qh5 26. Qe4 h6 27. Ra6 Qf5 28.
Qg4 Nb6 29. Qxf5 exf5 30. Ra5 b4 31. Rb5 Rd8 32. Bxb4 Bxb4 33. Rxb4 Nd5 34. Rc4
Kg8 35. h4 Kf7 36. Rc6 Rb8 37. Rc2 Ke6 38. h5 Nf4 39. Rxc7 Nxh5 40. Rc6+ Kd7 41.
d5 Nf4 42. g3 Ne2+ 43. Kg2 f4 44. e6+ Ke7 45. Rc2 Ke8 1-0

[Event "European Rapid 2016"]
[Site "Tallinn EST"]
[Date "2016.12.15"]
[Round "3.31"]
[White "Rozhko, Dmitry"]
[Black "Kobalia, Mikhail"]
[Result "0-1"]
[WhiteTitle "FM"]
[BlackTitle "GM"]
[WhiteElo "2324"]
[BlackElo "2628"]
[WhiteFideId "4150430"]
[BlackFideId "4119150"]
[EventDate "2016.12.15"]

1. d4 f5 2. g3 Nf6 3. Bg2 g6 4. Nf3 Bg7 5. O-O O-O 6. Nbd2 d6 7. Re1 d5 8. Ne5
c6 9. c4 Be6 10. c5 Nbd7 11. Nd3 Ne4 12. e3 Kh8 13. f3 Nef6 14. b4 a5 15. Qb3
axb4 16. Qxb4 Qc7 17. a4 g5 18. a5 Bg8 19. Bb2 g4 20. f4 Ne4 21. Nb3 h5 22. Ne5
Nxe5 23. dxe5 h4 24. Bxe4 dxe4 25. Nd4 Bd5 26. Bc3 e6 27. Reb1 Rf7 28. Qb6 Qc8
29. gxh4 Bf8 30. Ne2 Rd7 31. Bd4 Be7 32. h5 Bc4 33. Qb2 Qc7 34. Ng3 Kh7 35. Qc3
Ba6 36. Kg2 Qd8 37. Rc1 Qf8 38. Ra2 Rd5 39. Rac2 Bb5 40. Qe1 Bd8 41. Ra1 Be7 42.
Qc3 Bd3 43. Rcc1 Bd8 44. Ra2 Bc7 45. Raa1 Qd8 46. Qb4 Bb5 47. Rc2 Rxa5 48. Rca2
Ra6 49. Rxa6 bxa6 50. h3 Qh4 51. hxg4 Qxg4 52. Qd2 Qf3+ 53. Kh2 Rd8 54. Qg2 Rg8
55. Qxf3 exf3 56. Ra2 Bc4 57. Rf2 Bd5 58. Nf1 Bd8 59. Nd2 Bh4 60. Rxf3 Be1 61.
e4 fxe4 62. Nxe4 Bxe4 63. Re3 Bf5 64. Rxe1 Rd8 65. Be3 Rd3 66. Kg3 a5 67. Kf2 a4
68. Ra1 a3 69. Ke2 Rc3 70. Ra2 Bb1 71. Rd2 Be4 72. Rd7+ Kg8 73. Bd2 Rh3 74. Ra7
Bd5 75. f5 exf5 76. h6 Rh2+ 77. Kd3 a2 78. Bg5 Rh1 79. Ra8+ Kf7 80. h7 Rxh7 81.
Be3 Rh3 82. Kd2 Bc4 83. Kc3 Rh1 84. Kxc4 a1=Q 85. Rxa1 Rxa1 0-1

[Event "European Rapid 2016"]
[Site "Tallinn EST"]
[Date "2016.12.15"]
[Round "3.32"]
[White "Grigoriants, Sergey"]
[Black "Dubrovin, Robert"]
[Result "1-0"]
[WhiteTitle "GM"]
[WhiteElo "2563"]
[BlackElo "2217"]
[WhiteFideId "4130804"]
[BlackFideId "4501829"]
[EventDate "2016.12.15"]

1. e4 e6 2. d4 d5 3. Nd2 Nf6 4. e5 Nfd7 5. Bd3 c5 6. c3 Nc6 7. Ne2 cxd4 8. cxd4
f6 9. exf6 Nxf6 10. Nf3 Bd6 11. O-O Qc7 12. Bg5 O-O 13. Rc1 Nh5 14. Nc3 a6 15.
g3 Qf7 16. Be2 h6 17. Be3 Nf6 18. Na4 e5 19. dxe5 Nxe5 20. Nb6 Bh3 21. Nxa8 Bxf1
22. Bxf1 Rxa8 23. Bd4 Re8 24. Bg2 Nxf3+ 25. Bxf3 Ne4 26. Bh5 g6 27. Bf3 Rf8 28.
Bxe4 dxe4 29. Be3 Qf6 30. Qd5+ Rf7 31. Rc8+ Bf8 32. Bc5 Kh7 33. Rxf8 Rxf8 34.
Bxf8 Qxf8 35. Qxb7+ Qg7 36. Qxg7+ 1-0

[Event "European Rapid 2016"]
[Site "Tallinn EST"]
[Date "2016.12.15"]
[Round "3.33"]
[White "Antoms, Guntars"]
[Black "Novikov, Stanislav"]
[Result "0-1"]
[WhiteTitle "IM"]
[BlackTitle "GM"]
[WhiteElo "2349"]
[BlackElo "2513"]
[WhiteFideId "11601469"]
[BlackFideId "4125371"]
[EventDate "2016.12.15"]

1. Nf3 g6 2. e4 Bg7 3. d4 c6 4. Nc3 b5 5. a3 d6 6. h3 Qc7 7. Be2 Nd7 8. O-O Bb7
9. Be3 Ngf6 10. Qd2 O-O 11. Bh6 a6 12. Bxg7 Kxg7 13. Rfe1 c5 14. e5 dxe5 15.
dxe5 Nxe5 16. Nxe5 Qxe5 17. Bf3 Qc7 18. Bxb7 Qxb7 19. Qe3 Qc6 20. Qe5 Kg8 21. a4
b4 22. Ne4 Nxe4 23. Rxe4 Rad8 24. Rc4 Rd5 25. Qxe7 Re8 26. Qh4 Re2 27. Rf1 Rdd2
28. c3 b3 29. Qh6 Rd7 30. Rh4 f6 31. Qf4 Qe6 32. Qb8+ Kg7 33. Qa8 g5 34. Rg4 h5
35. Rg3 h4 36. Rf3 Re1 37. Re3 Rxe3 38. fxe3 Qxe3+ 39. Kh1 Qe2 40. Rg1 Qxb2 41.
Qc6 Rf7 42. Qxc5 Qc2 43. Rf1 b2 44. Qb4 a5 45. Qb8 Qxc3 46. Qb5 Qc1 47. Kh2 Rc7
48. Qa6 Qxf1 49. Qxf1 Rc1 50. Qe2 b1=Q 51. Qe7+ Kg6 52. Qe8+ Kf5 53. Qd7+ Ke5
54. Qe7+ Kd5 55. Qf7+ Kc5 56. Qe7+ Kc4 57. Qe6+ Kb4 58. Qe7+ Kxa4 0-1

[Event "European Rapid 2016"]
[Site "Tallinn EST"]
[Date "2016.12.15"]
[Round "3.35"]
[White "Sivan, Yaacov"]
[Black "Munoz, Miguel"]
[Result "0-1"]
[WhiteTitle "IM"]
[BlackTitle "GM"]
[WhiteElo "2370"]
[BlackElo "2473"]
[WhiteFideId "2800730"]
[BlackFideId "3800229"]
[EventDate "2016.12.15"]

1. e4 d5 2. exd5 Qxd5 3. Nc3 Qa5 4. d4 Nf6 5. Nf3 Nc6 6. h3 Ne4 7. Bd2 Nxd2 8.
Qxd2 e6 9. Nb5 Nb4 10. c3 Nd5 11. a4 a6 12. Na3 Qxa4 13. Bd3 Bd6 14. O-O Qd7 15.
c4 Bf4 16. Qe1 Nf6 17. g3 Bh6 18. Qe5 O-O 19. g4 Qc6 20. Qg3 g6 21. Ne5 Qe8 22.
g5 Nh5 23. Qh4 Bxg5 24. Qxg5 f6 25. Qh6 fxe5 26. dxe5 Bd7 27. f4 Rd8 28. Kh2 Qe7
29. Be2 Bc6 30. Rad1 Rxd1 31. Bxd1 0-1

[Event "European Rapid 2016"]
[Site "Tallinn EST"]
[Date "2016.12.15"]
[Round "3.36"]
[White "Tregubov, Pavel V."]
[Black "Vorobjov, Pavel"]
[Result "1-0"]
[WhiteTitle "GM"]
[WhiteElo "2585"]
[BlackElo "2223"]
[WhiteFideId "4115341"]
[BlackFideId "4500989"]
[EventDate "2016.12.15"]

1. d4 Nf6 2. c4 e5 3. dxe5 Ng4 4. Bf4 Nc6 5. Nf3 Bb4+ 6. Nbd2 Qe7 7. e3 Ngxe5 8.
Nxe5 Nxe5 9. a3 Bxd2+ 10. Qxd2 d6 11. Be2 O-O 12. O-O a5 13. b4 b6 14. c5 bxc5
15. bxc5 Be6 16. Rfc1 Rfd8 17. Qc3 Ng6 18. Bg3 d5 19. c6 f6 20. Rab1 Bf7 21. Qc5
Qxc5 22. Rxc5 Ne5 23. Rb7 Rab8 24. h3 Nxc6 25. Rxb8 Nxb8 26. Rxa5 Nc6 27. Rc5
Ne5 28. Rxc7 Nc4 29. a4 Ra8 30. Bf3 Nd2 31. Bg4 Be8 32. Be6+ Kh8 33. Bxd5 Rxa4
34. f3 1-0

[Event "European Rapid 2016"]
[Site "Tallinn EST"]
[Date "2016.12.15"]
[Round "3.37"]
[White "Troyke, Christian"]
[Black "Cvitan, Ognjen"]
[Result "0-1"]
[WhiteTitle "IM"]
[BlackTitle "GM"]
[WhiteElo "2347"]
[BlackElo "2491"]
[WhiteFideId "4616278"]
[BlackFideId "14500086"]
[EventDate "2016.12.15"]

1. g3 e5 2. c4 Nf6 3. Bg2 d5 4. cxd5 Nxd5 5. Nc3 Nb6 6. Nf3 Nc6 7. O-O Be7 8. b3
O-O 9. Bb2 Re8 10. d3 Bf8 11. Rc1 Nd4 12. Nd2 c6 13. e3 Ne6 14. Nf3 f6 15. Qc2
Bd7 16. Rfd1 Qe7 17. d4 exd4 18. Nxd4 Nxd4 19. Rxd4 Rad8 20. Rh4 g6 21. Re4 Qf7
22. Rxe8 Bxe8 23. Ne4 Nd5 24. a3 Bd7 25. Nc5 Bc8 26. Rd1 Be7 27. e4 Nc7 28.
Rxd8+ Bxd8 29. Bf1 Qe7 30. b4 Ne6 31. Nd3 Bb6 32. e5 f5 33. h4 Bd7 34. Qc4 Be8
35. h5 Bf7 36. hxg6 hxg6 37. Qc1 Kh7 38. Nf4 Qg5 39. Ne2 f4 40. Kg2 fxg3 41.
Qxg5 Nxg5 42. Kxg3 Ne4+ 43. Kf4 Nxf2 44. Nd4 Bd5 45. e6 Bc7+ 46. Kg5 Bd8+ 47.
Kf4 Bc7+ 48. Kg5 Ne4+ 49. Kg4 Nf6+ 50. Kg5 Ne4+ 51. Kg4 Be5 52. e7 Nf6+ 53. Kg5
Ne8 54. Bd3 Bf7 55. Bc3 Bf6+ 56. Kf4 Bxe7 57. Nf3 Nf6 58. Bd4 a6 59. Ng5+ Kg8
60. Nxf7 Kxf7 61. Bc4+ Nd5+ 62. Ke4 Ke6 63. Be2 Kd7 64. Bg4+ Kc7 65. Be6 Bf6 66.
Bf2 Nc3+ 67. Kd3 Nd5 68. Bg3+ Kd8 69. Bf7 Ne7 70. Kc4 Nf5 71. Bh2 g5 72. Be6
Ne3+ 73. Kc5 Nd5 74. Bg4 Bb2 0-1

[Event "European Rapid 2016"]
[Site "Tallinn EST"]
[Date "2016.12.15"]
[Round "3.38"]
[White "Saric, Ivan"]
[Black "Sysolyatin, Evgeny"]
[Result "1-0"]
[WhiteTitle "GM"]
[BlackTitle "FM"]
[WhiteElo "2652"]
[BlackElo "2289"]
[WhiteFideId "14508150"]
[BlackFideId "4154916"]
[EventDate "2016.12.15"]

1. e4 e5 2. Nf3 Nc6 3. Bb5 a6 4. Ba4 Nf6 5. O-O Be7 6. Re1 b5 7. Bb3 Bb7 8. d4
Nxd4 9. Bxf7+ Kf8 10. Bd5 c6 11. Bb3 Nxb3 12. axb3 Qc7 13. Bd2 b4 14. Bg5 Kf7
15. Nbd2 Rhd8 16. Nc4 d6 17. Be3 Nd7 18. Ng5+ Bxg5 19. Qxd6 Qxd6 20. Nxd6+ Ke6
21. Nxb7 Rdb8 22. Na5 Bxe3 23. Rxe3 Rb5 24. Kf1 Rc8 25. Nc4 Ra8 26. Rd3 Nb6 27.
Rd6+ Ke7 28. Rxc6 Nxc4 29. bxc4 Rb7 30. Raxa6 Rd8 31. Re6+ Kf7 32. Red6 b3 33.
cxb3 1-0

[Event "European Rapid 2016"]
[Site "Tallinn EST"]
[Date "2016.12.15"]
[Round "3.39"]
[White "Lavendelis, Egons"]
[Black "Ruck, Robert"]
[Result "0-1"]
[WhiteTitle "FM"]
[BlackTitle "GM"]
[WhiteElo "2271"]
[BlackElo "2561"]
[WhiteFideId "11601647"]
[BlackFideId "705713"]
[EventDate "2016.12.15"]

1. e4 c6 2. d4 d5 3. Nc3 dxe4 4. Nxe4 Bf5 5. Nc5 Nd7 6. Bd3 Nxc5 7. Bxf5 e6 8.
Bg4 Nd7 9. Ne2 Ngf6 10. Bf3 Be7 11. O-O O-O 12. c4 Qc7 13. Qc2 Rad8 14. g3 Rfe8
15. b3 e5 16. Bb2 Bd6 17. Bg2 a5 18. Rad1 h6 19. Nc3 exd4 20. Rxd4 Be5 21. Rd2
Nc5 22. Rxd8 Rxd8 23. Rd1 Rxd1+ 24. Qxd1 Ne6 25. Qd2 Bd4 26. Nd5 cxd5 27. Bxd4
Nxd4 28. Qxd4 dxc4 29. bxc4 b6 30. Bd5 Kf8 31. Kg2 Qd6 32. a4 Nd7 33. Qe4 g6 34.
Qd4 Qf6 35. Qe3 g5 36. f4 Nc5 37. fxg5 hxg5 38. Qa3 g4 39. Qa2 Qd4 40. Qc2 Qe5
41. Qf2 f5 42. Qd2 Qf6 43. Qc2 Kg7 44. Qa2 Qd4 45. Qe2 Qf6 46. Qe8 Nd3 47. Qe3
Qb2+ 48. Kf1 Qc1+ 49. Qxc1 Nxc1 50. Bc6 Kf6 51. Kf2 Ke5 52. Ke3 Nb3 53. Bb5 Nd4
54. Ba6 Nc2+ 55. Kd3 Nb4+ 0-1

[Event "European Rapid 2016"]
[Site "Tallinn EST"]
[Date "2016.12.15"]
[Round "3.40"]
[White "Agrest, Evgenij"]
[Black "Shvayger, Yuliya"]
[Result "1-0"]
[WhiteTitle "GM"]
[BlackTitle "WIM"]
[WhiteElo "2593"]
[BlackElo "2419"]
[WhiteFideId "1705024"]
[BlackFideId "14100126"]
[EventDate "2016.12.15"]

1. c4 e5 2. Nc3 Nf6 3. Nf3 Nc6 4. g3 Nd4 5. Bg2 Nxf3+ 6. Bxf3 Bc5 7. O-O O-O 8.
Na4 Bd6 9. d4 exd4 10. Qxd4 Qe7 11. Qd3 Be5 12. Bg2 c6 13. Be3 Ng4 14. Bc5 d6
15. Ba3 Rd8 16. Rad1 Bf6 17. Bxd6 Qe8 18. Qc2 Be6 19. Nc5 b6 20. Ne4 Be7 21. h3
Nh6 22. b3 Bf5 23. Bf4 g5 24. Bc1 f6 25. Qc3 Qg6 26. Rxd8+ Rxd8 27. Nd2 Bd6 28.
e4 Be6 29. Qc2 Qh5 30. Qd1 Qg6 31. Qe2 c5 32. Bb2 Nf7 33. Nf3 Re8 34. Rd1 Bc8
35. Nh2 h5 36. Bf3 g4 37. hxg4 hxg4 38. Bg2 Be5 39. Bxe5 Nxe5 40. Qe3 Kg7 41.
Qf4 Qh6 42. Rd6 Qxf4 43. gxf4 Ng6 44. f5 Ne5 45. Nf1 Kf7 46. Ne3 Ke7 47. Rd1 Bb7
48. Kh2 Rh8+ 49. Kg3 Rh7 50. Rh1 Rg7 51. Rh8 Bc6 52. Nd1 Kd7 53. Nc3 Ke7 54. Ne2
Kd7 55. Nf4 Re7 56. Ng6 Nxg6 57. fxg6 Ke6 58. Rh7 Be8 59. g7 Bf7 60. Rh8 1-0

[Event "European Rapid 2016"]
[Site "Tallinn EST"]
[Date "2016.12.15"]
[Round "4.3"]
[White "Wojtaszek, Radoslaw"]
[Black "Tregubov, Pavel V."]
[Result "1-0"]
[WhiteTitle "GM"]
[BlackTitle "GM"]
[WhiteElo "2749"]
[BlackElo "2585"]
[WhiteFideId "1118358"]
[BlackFideId "4115341"]
[EventDate "2016.12.15"]

1. d4 Nf6 2. c4 c5 3. Nf3 cxd4 4. Nxd4 Nc6 5. Nc3 Qb6 6. Nb3 e6 7. a3 d5 8. Be3
Qc7 9. cxd5 Nxd5 10. Nxd5 exd5 11. g3 Be7 12. Bg2 O-O 13. O-O Bf6 14. Nd4 Qe5
15. Nxc6 bxc6 16. Rc1 Bd7 17. Bc5 Rfe8 18. Rc2 Bf5 19. Rd2 Bg4 20. Re1 Qh5 21.
Qc2 a5 22. Bd4 Bxd4 23. Rxd4 Bd7 24. e3 Qe5 25. Rc1 Reb8 26. Qd2 Be8 27. e4 dxe4
28. Rxe4 Qf6 29. Rce1 Rd8 30. Qxa5 Bd7 31. Qe5 Qxe5 32. Rxe5 Rdb8 33. Re7 Be8
34. b4 Kf8 35. R1e3 Ra6 36. Bf1 Rab6 37. Bc4 c5 38. b5 Rd6 39. a4 Rd1+ 40. Kg2
Rc1 41. Bd5 g6 42. Bc6 Bxc6+ 43. bxc6 Rc8 44. c7 Kg7 45. Rf3 1-0

[Event "European Rapid 2016"]
[Site "Tallinn EST"]
[Date "2016.12.15"]
[Round "4.5"]
[White "Jovanovic, Zoran"]
[Black "Onischuk, Vladimir"]
[Result "0-1"]
[WhiteTitle "GM"]
[BlackTitle "GM"]
[WhiteElo "2534"]
[BlackElo "2601"]
[WhiteFideId "14505320"]
[BlackFideId "14114038"]
[EventDate "2016.12.15"]

1. e4 c5 2. Nc3 e6 3. Nf3 Nc6 4. d4 cxd4 5. Nxd4 d6 6. Be3 Nf6 7. f4 Bd7 8. Qf3
Nxd4 9. Bxd4 Bc6 10. O-O-O Qa5 11. Kb1 Be7 12. g4 O-O 13. g5 Nd7 14. h4 b5 15.
Ne2 e5 16. Be3 f5 17. gxf6 Nxf6 18. Ng3 Qc7 19. Bh3 Kh8 20. Be6 Nxe4 21. Nxe4
Qb7 22. Qg3 Bxe4 23. Rhg1 Bf6 24. Rxd6 Bxc2+ 25. Ka1 exf4 26. Bxf4 Rad8 27. h5
Rxd6 28. Bxd6 Re8 29. Re1 h6 30. Bb4 Qc6 31. Bf7 Rxe1+ 32. Qxe1 Be4 33. Qd2 Qc7
34. Bg6 Bxg6 35. hxg6 Qg3 36. Qc2 Qg1+ 37. Qb1 Qg2 38. Bc3 h5 39. a4 b4 40. Qf5
Qg5 41. Qe4 Qg1+ 42. Ka2 b3+ 43. Kxb3 Qd1+ 44. Ka2 Qd7 45. Qf4 Qe6+ 46. Ka3 Be7+
47. b4 Qxg6 48. Qb8+ Kh7 49. Qxa7 Qd3 50. Qd4 Qg3 51. Qe5 Bd6 52. Qxg3 Bxg3 53.
a5 h4 54. a6 Bf2 55. Be1 h3 56. a7 Bxa7 57. Bg3 Bg1 0-1

[Event "European Rapid 2016"]
[Site "Tallinn EST"]
[Date "2016.12.15"]
[Round "4.6"]
[White "Vallejo Pons, Francisco"]
[Black "Saric, Ivan"]
[Result "1/2-1/2"]
[WhiteTitle "GM"]
[BlackTitle "GM"]
[WhiteElo "2711"]
[BlackElo "2652"]
[WhiteFideId "2205530"]
[BlackFideId "14508150"]
[EventDate "2016.12.15"]

1. d4 Nf6 2. c4 g6 3. Nc3 Bg7 4. e4 d6 5. Bg5 h6 6. Bf4 Nc6 7. d5 e5 8. Be3 Nd4
9. f3 c5 10. Qd2 Bd7 11. Nb5 Qb8 12. Bd3 a6 13. Na3 b5 14. Ne2 h5 15. O-O O-O
16. Rac1 b4 17. Nc2 b3 18. Ncxd4 cxd4 19. Bf2 Kh7 20. Ra1 Bh6 21. Qa5 Rc8 22. a3
Rc5 23. Qe1 Qc7 24. f4 Ng4 25. Kh1 f6 26. Bg1 Ne3 27. Bxe3 dxe3 28. Qg3 Bg4 29.
fxe5 fxe5 30. Nc3 Qe7 31. h3 Bd7 32. Nd1 Bf4 33. Rxf4 exf4 34. Qxf4 Rf8 35. Qxe3
Rcc8 36. Nc3 Qe5 1/2-1/2

[Event "European Rapid 2016"]
[Site "Tallinn EST"]
[Date "2016.12.15"]
[Round "4.7"]
[White "Plat, Vojtech"]
[Black "Bortnyk, Olexandr"]
[Result "1-0"]
[WhiteTitle "IM"]
[BlackTitle "GM"]
[WhiteElo "2532"]
[BlackElo "2581"]
[WhiteFideId "325740"]
[BlackFideId "14120828"]
[EventDate "2016.12.15"]

1. d4 d6 2. e4 Nf6 3. Nc3 Nbd7 4. Nf3 e5 5. Bc4 Be7 6. a4 a5 7. Ng5 O-O 8. Bxf7+
Rxf7 9. Ne6 Qe8 10. Nxc7 Qd8 11. Nxa8 b6 12. dxe5 Nxe5 13. Be3 Nc4 14. Qd4 Nxe3
15. fxe3 Ng4 16. O-O-O Nxe3 17. Rd3 Nxg2 18. Nd5 Bh4 19. Naxb6 Ba6 20. Rd2 Ne1
21. Qc3 Qg5 22. Kb1 Nf3 23. Rdd1 Be2 24. Qxa5 h5 25. Qc3 Qg2 26. Ne3 Qf2 27.
Rxd6 Kh7 28. Nbd5 Ng5 29. Qe5 Qf3 30. Rg1 Nxe4 31. Rdg6 Nf6 32. Nxf6+ Bxf6 33.
Qf5 Qxf5 1-0

[Event "European Rapid 2016"]
[Site "Tallinn EST"]
[Date "2016.12.15"]
[Round "4.8"]
[White "Loginov, Valery A"]
[Black "Naiditsch, Arkadij"]
[Result "1-0"]
[WhiteTitle "GM"]
[BlackTitle "GM"]
[WhiteElo "2486"]
[BlackElo "2687"]
[WhiteFideId "4126297"]
[BlackFideId "4650891"]
[EventDate "2016.12.15"]

1. e4 c5 2. Nf3 Nc6 3. d4 cxd4 4. Nxd4 Qb6 5. Nb3 Nf6 6. Nc3 e6 7. Be3 Qc7 8. f4
Bb4 9. Bd3 d5 10. e5 Ne4 11. Bxe4 dxe4 12. O-O Bxc3 13. bxc3 Ne7 14. Bc5 Nf5 15.
Qe1 b6 16. Ba3 Bb7 17. Nd4 Rc8 18. Nxf5 exf5 19. Qg3 f6 20. exf6 gxf6 21. Rad1
Kf7 22. Qh3 Kg6 23. Qg3+ Kf7 24. Qh3 Rcd8 25. Qxf5 h5 26. c4 Qc8 27. Qxc8 Bxc8
28. Kf2 Ba6 29. Rfe1 f5 30. c5 Bc4 31. Ke3 Ke6 32. Bb2 Rhg8 33. cxb6 axb6 34.
Rxd8 Rxd8 35. a4 Rg8 36. g3 h4 37. Rg1 hxg3 38. hxg3 Ra8 39. Rh1 Rg8 40. Kd4 Be2
41. Rh6+ Kd7 42. Rxb6 Rxg3 43. a5 Rg8 44. c4 Kc7 45. Kc5 Re8 46. Be5+ Kd7 47.
Rb7+ Ke6 48. a6 Rc8+ 49. Rc7 Rd8 50. a7 Bf3 51. Rc6+ Kf7 52. Bb8 e3 53. a8=Q 1-0

[Event "European Rapid 2016"]
[Site "Tallinn EST"]
[Date "2016.12.15"]
[Round "4.9"]
[White "Kanep, Meelis"]
[Black "Riazantsev, Alexander"]
[Result "1/2-1/2"]
[WhiteTitle "GM"]
[BlackTitle "GM"]
[WhiteElo "2485"]
[BlackElo "2671"]
[WhiteFideId "4501047"]
[BlackFideId "4125029"]
[EventDate "2016.12.15"]

1. d4 Nf6 2. Bg5 e6 3. e4 h6 4. Bxf6 Qxf6 5. c3 d6 6. Bd3 Nc6 7. Ne2 Bd7 8. O-O
e5 9. d5 Nd8 10. f4 g6 11. Na3 Bg7 12. Nb5 Bxb5 13. Bxb5+ Kf8 14. f5 h5 15. fxg6
Qxg6 16. Ng3 h4 17. Nf5 Bh6 18. Kh1 Bg5 19. Qg4 f6 20. Rf2 Nf7 21. Bd7 Nh6 22.
Nxh6 Rxh6 23. Raf1 Kg8 24. Bf5 Qg7 25. Be6+ Kh8 26. Rf3 a5 27. a4 Bf4 28. Qxg7+
Kxg7 29. Kg1 Kf8 30. c4 Ke7 31. Rb3 b6 32. Rh3 Rah8 33. Rhf3 Rg6 34. Bf5 Rg7 35.
Bh3 Rhg8 36. Kh1 Rg6 37. R1f2 Rh8 38. Re2 Rhg8 39. Ref2 R6g7 1/2-1/2

[Event "European Rapid 2016"]
[Site "Tallinn EST"]
[Date "2016.12.15"]
[Round "4.10"]
[White "Mamedov, Rauf"]
[Black "Agrest, Evgenij"]
[Result "1-0"]
[WhiteTitle "GM"]
[BlackTitle "GM"]
[WhiteElo "2688"]
[BlackElo "2593"]
[WhiteFideId "13401653"]
[BlackFideId "1705024"]
[EventDate "2016.12.15"]

1. e4 c6 2. Ne2 d5 3. e5 c5 4. d4 Nc6 5. c3 e6 6. Be3 Qb6 7. Qd2 Nh6 8. Ng3 Ng4
9. Be2 cxd4 10. cxd4 f5 11. Bxg4 fxg4 12. O-O Bd7 13. Nc3 O-O-O 14. Rfc1 Kb8 15.
Na4 Qa5 16. Nc3 Qa6 17. Nh5 Na5 18. Qd1 Nc4 19. Qxg4 Nxb2 20. Bg5 Re8 21. Nxd5
Bc6 22. Ndf4 Nd3 23. Rxc6 bxc6 24. Nxe6 Qb5 25. Be3 Re7 26. a4 Qb3 27. Nhf4 Rb7
28. h4 Nb4 29. Nd8 Rc7 30. Rc1 Qxa4 31. Nfe6 Rc8 32. d5 h5 33. Qc4 Be7 34. Nxc6+
Ka8 35. Qe4 Qb3 36. Nxe7 Rxc1+ 37. Bxc1 1-0

[Event "European Rapid 2016"]
[Site "Tallinn EST"]
[Date "2016.12.15"]
[Round "4.11"]
[White "Shirov, Alexei"]
[Black "Kantans, Toms"]
[Result "1-0"]
[WhiteTitle "GM"]
[BlackTitle "IM"]
[WhiteElo "2673"]
[BlackElo "2454"]
[WhiteFideId "2209390"]
[BlackFideId "11602945"]
[EventDate "2016.12.15"]

1. e4 c5 2. Nf3 d6 3. d4 cxd4 4. Nxd4 Nf6 5. Nc3 a6 6. Be3 Ng4 7. Bg5 h6 8. Bh4
g5 9. Bg3 Bg7 10. Be2 h5 11. Bxg4 hxg4 12. O-O Nc6 13. Nf5 Bxf5 14. exf5 Qa5 15.
Nd5 Bxb2 16. Rb1 Bd4 17. c4 Ra7 18. Qxg4 Qxa2 19. f6 e6 20. Nc7+ Kd7 21. Nxe6
fxe6 22. Qxg5 Rd8 23. f7 Rf8 24. Qg8 1-0

[Event "European Rapid 2016"]
[Site "Tallinn EST"]
[Date "2016.12.15"]
[Round "4.12"]
[White "Halkias, Stelios"]
[Black "Marin, Mihail"]
[Result "1-0"]
[WhiteTitle "GM"]
[BlackTitle "GM"]
[WhiteElo "2585"]
[BlackElo "2539"]
[WhiteFideId "4201809"]
[BlackFideId "1200020"]
[EventDate "2016.12.15"]

1. Nf3 Nf6 2. d4 e6 3. e3 b6 4. Bd3 Bb7 5. O-O d5 6. b3 Bd6 7. Bb2 O-O 8. c4
Nbd7 9. Nc3 a6 10. Rc1 Ne4 11. Ne2 Qf6 12. Ng3 Nxg3 13. hxg3 Qh6 14. cxd5 exd5
15. Bf5 Rad8 16. Ne5 Nf6 17. Qf3 Ne4 18. Rfd1 g6 19. Bxe4 dxe4 20. Qf6 Qg7 21.
Ng4 Bd5 22. Rc5 h5 23. Nh6+ Kh7 24. Qxg7+ Kxg7 25. Rxd5 Kxh6 26. Rc1 f5 27. a4
Kg7 28. a5 b5 29. Rc6 Ra8 30. f3 Rfe8 31. Rdxd6 cxd6 32. d5+ Kh6 33. f4 h4 34.
gxh4 Rec8 35. Rxd6 Rd8 36. Re6 Rxd5 37. Kh2 Rd7 38. Bd4 Rc7 39. Kh3 Kh5 40. Re5
Rf7 41. g4+ Kh6 42. h5 fxg4+ 43. Kxg4 Rg8 44. Re6 Kh7 45. Rxa6 gxh5+ 46. Kxh5
Rf5+ 47. Kh4 b4 48. Ra7+ Kh6 49. Ra6+ Rg6 50. Rxg6+ Kxg6 51. a6 Ra5 52. a7 Kf5
53. Kh5 Ra6 54. Bb6 Ra2 55. Kh6 Kf6 56. Bd4+ Ke6 57. Kg7 Kd7 58. Kf6 Kc6 59. f5
Kb7 60. Ke5 1-0